[Event "Mondiale Lampo FIDE 2017"]
[Site "Riyadh"]
[Date "30.12.2017"]
[Round "21.47"]
[White "McShane, Luke J"]
[Black "Jumabayev, Rinat"]
[Result "1-0"]
[WhiteTitle "GM"]
[BlackTitle "GM"]
[WhiteElo "2640"]
[BlackElo "2612"]
[WhiteFideId "404853"]
[BlackFideId "13702661"]
[EventDate "2017.12.29"]

1. b3 d5 2. Bb2 c6 3. e3 Bf5 4. g4 Bg6 5. h4 h5 6. g5 Nd7 7. f4 e6 8. Nf3 Ne7 9.
Nc3 Qc7 10. Qe2 e5 11. fxe5 Nxe5 12. Nxe5 Qxe5 13. O-O-O Qe6 14. Qf3 Bf5 15. Bh3
Bxh3 16. Qxh3 Qxh3 17. Rxh3 Nf5 18. e4 dxe4 19. Nxe4 O-O-O 20. Rf1 Nd4 21. Rxf7
Ne6 22. Rhf3 Rg8 23. a3 Bd6 24. Nxd6+ Rxd6 25. Re7 Nd8 26. Bxg7 Re6 27. Re3 Rxe3
28. dxe3 c5 29. Bf6 Nc6 30. Rh7 Re8 31. Kd2 Re4 32. Rxh5 Rg4 33. Rh7 1-0

[Event "Mondiale Lampo FIDE 2017"]
[Site "Riyadh"]
[Date "30.12.2017"]
[Round "21.48"]
[White "Kokarev, Dmitry"]
[Black "Dervishi, Erald"]
[Result "1-0"]
[WhiteTitle "GM"]
[BlackTitle "GM"]
[WhiteElo "2615"]
[BlackElo "2552"]
[WhiteFideId "4132181"]
[BlackFideId "4700236"]
[EventDate "2017.12.29"]

1. e4 e5 2. Nf3 Nc6 3. Bb5 a6 4. Ba4 Nf6 5. O-O Be7 6. Bxc6 dxc6 7. d3 Nd7 8.
Nbd2 c5 9. Nc4 f6 10. a4 Nf8 11. Nh4 Be6 12. b3 Qd7 13. Bd2 O-O-O 14. Qf3 Ng6
15. Qg3 Nxh4 16. Qxh4 h5 17. f4 exf4 18. Qxf4 h4 19. Qf2 g5 20. Bc3 Rdf8 21. Ne3
Bd6 22. Nf5 g4 23. Qe3 h3 24. g3 b6 25. a5 b5 26. Rab1 Rhg8 27. b4 cxb4 28.
Nxd6+ cxd6 29. Bxb4 Qc6 30. c4 bxc4 31. d4 d5 32. Bxf8 Rxf8 33. Rb6 Qd7 34. Qf4
Kd8 35. Rd6 1-0

[Event "Mondiale Lampo FIDE 2017"]
[Site "Riyadh"]
[Date "30.12.2017"]
[Round "21.49"]
[White "Eljanov, Pavel"]
[Black "Al-Modiahki, Mohamad"]
[Result "1-0"]
[WhiteTitle "GM"]
[BlackTitle "GM"]
[WhiteElo "2711"]
[BlackElo "2542"]
[WhiteFideId "14102951"]
[BlackFideId "12100030"]
[EventDate "2017.12.29"]

1. c4 Nf6 2. Nc3 g6 3. g3 Bg7 4. Bg2 O-O 5. e4 e5 6. Nge2 d6 7. O-O Nc6 8. d3
Bg4 9. h3 Bxe2 10. Nxe2 Nd7 11. Be3 Nc5 12. Qd2 a5 13. f4 exf4 14. gxf4 Qe7 15.
Rad1 Rad8 16. Nc3 Nd4 17. Qf2 Nc6 18. d4 Nd7 19. Nd5 Ndb8 1-0

[Event "Mondiale Lampo FIDE 2017"]
[Site "Riyadh"]
[Date "30.12.2017"]
[Round "21.50"]
[White "Tregubov, Pavel V."]
[Black "Naiditsch, Arkadij"]
[Result "1/2-1/2"]
[WhiteTitle "GM"]
[BlackTitle "GM"]
[WhiteElo "2575"]
[BlackElo "2705"]
[WhiteFideId "4115341"]
[BlackFideId "4650891"]
[EventDate "2017.12.29"]

1. d4 Nf6 2. c4 g6 3. g3 Bg7 4. Bg2 O-O 5. Nc3 d6 6. Nf3 Nbd7 7. O-O e5 8. e4
Re8 9. d5 Nc5 10. Ne1 a5 11. Nd3 Nxd3 12. Qxd3 Nd7 13. Be3 b6 14. a3 Nc5 15. Qc2
f5 16. b4 Na6 17. Rab1 f4 18. gxf4 exf4 19. Bxf4 Qf6 20. Ne2 axb4 21. axb4 Nb8
22. Be3 Nd7 23. Bd4 Qe7 24. Bxg7 Kxg7 25. Nd4 Nf6 26. Rbe1 Qe5 27. Qd2 Qh5 28.
f4 Bd7 29. f5 Re5 30. Ne6+ Bxe6 31. fxe6 Qh4 32. Qf2 Qxf2+ 33. Rxf2 Rf8 34. Ref1
h5 35. h3 g5 36. Rf5 Rxf5 37. Rxf5 Nh7 38. Rxf8 Kxf8 39. Kf2 Ke7 40. Ke3 Nf8 41.
Kd4 Ng6 42. c5 bxc5+ 43. bxc5 Nf4 44. Bf1 g4 45. hxg4 hxg4 46. cxd6+ cxd6 47.
Ke3 Ng6 48. Be2 Ne5 49. Kf4 Kf6 50. Bxg4 Ke7 51. Kf5 Nd3 52. Bh5 Nb4 53. Bg4 Nc2
54. Kf4 Nb4 55. Ke3 Kf6 56. Bd1 Na6 57. Kd4 Nc7 58. Be2 Ne8 59. Bb5 Ng7 60. Be2
Ne8 61. Kc4 Ng7 62. Kb5 Ne8 63. Kc6 Ke7 64. Bf3 Nf6 65. Bg2 Ng4 66. Kb5 Ne5 67.
Kb4 Kf6 68. Kc3 Ng4 69. Kd4 Ne5 70. Bf1 Nf3+ 71. Ke3 Ne5 72. Be2 Ng6 73. Kd4 Ne5
74. Bh5 Ke7 75. Kc3 Kf6 76. Kd4 Ke7 77. Ke3 Kf6 78. Be2 Ng6 79. Kf3 Ne5+ 80. Kg3
Ng6 81. Kg4 Ne5+ 82. Kf4 Ng6+ 83. Ke3 Ne5 84. Kd4 Ng6 85. Kc3 Ne5 86. Kb4 Ke7
87. Kb5 Ng6 88. Kc6 Ne5+ 89. Kc7 Ng6 90. Bd1 Ne5 91. Bh5 Nc4 92. Kc6 Ne5+ 93.
Kb5 Nd3 94. Kc4 Ne5+ 95. Kd4 Kf6 96. Ke3 Ke7 97. Kf4 Kf6 98. Be2 Kg6 99. Bf1 Kf6
100. Be2 Kg6 101. Kg3 Kf6 102. Kh4 Kg6 103. Bh5+ Kf6 104. Be8 Ke7 105. Bb5 Kf6
106. Kh5 Nf3 107. Kh6 Ne5 108. Kh7 Nf3 109. Kg8 Ke7 1/2-1/2

[Event "Mondiale Lampo FIDE 2017"]
[Site "Riyadh"]
[Date "30.12.2017"]
[Round "21.51"]
[White "Short, Nigel D"]
[Black "Khairat, Ahmed"]
[Result "1-0"]
[WhiteTitle "GM"]
[BlackTitle "CM"]
[WhiteElo "2678"]
[BlackElo "2211"]
[WhiteFideId "400025"]
[BlackFideId "10624171"]
[EventDate "2017.12.29"]

1. e4 e5 2. Nf3 Nc6 3. Bc4 Nf6 4. Ng5 d5 5. exd5 Na5 6. Bb5+ c6 7. dxc6 bxc6 8.
Qf3 Bb7 9. Bd3 Be7 10. Nc3 O-O 11. Qf5 g6 12. Qh3 Kg7 13. Be2 h6 14. Nge4 Nd5
15. d3 g5 16. Ng3 Bc8 17. Bg4 Nf4 18. Bxf4 exf4 19. Bxc8 fxg3 20. hxg3 Rh8 21.
Bf5 Rb8 22. Nd1 Bf6 23. c3 Qe7+ 24. Be4 Rxb2 25. Nxb2 Bxc3+ 26. Kf1 Bxb2 27. Rb1
Bd4 28. Qf5 c5 29. g4 Qc7 30. g3 Qd6 31. Kg2 Qe7 32. Rb5 Qc7 33. Bd5 Re8 34.
Rxa5 Re2 1-0

[Event "Mondiale Lampo FIDE 2017"]
[Site "Riyadh"]
[Date "30.12.2017"]
[Round "21.52"]
[White "Christiansen, Johan-Sebastian"]
[Black "Almasi, Zoltan"]
[Result "0-1"]
[WhiteTitle "IM"]
[BlackTitle "GM"]
[WhiteElo "2495"]
[BlackElo "2682"]
[WhiteFideId "1512668"]
[BlackFideId "702293"]
[EventDate "2017.12.29"]

1. e4 e5 2. Nf3 Nc6 3. Nc3 Nf6 4. a3 Be7 5. d4 exd4 6. Nxd4 d6 7. Be2 O-O 8. O-O
Re8 9. Re1 h6 10. Bf4 Ne5 11. h3 c6 12. Qd2 Ng6 13. Bh2 Bf8 14. Bf1 Qb6 15. Rad1
Bd7 16. Na4 Qc7 17. Nc3 Rad8 18. Kh1 Bc8 19. f4 b5 20. Bd3 a5 21. b4 axb4 22.
axb4 Bb7 23. Nf5 Bc8 24. Qf2 Qb7 25. Rf1 Bxf5 26. exf5 Ne7 27. Rde1 Ned5 28.
Nxd5 Nxd5 29. f6 Nxf6 30. Bg1 d5 31. c3 Ne4 32. Bxe4 dxe4 33. f5 Rd3 34. f6 g6
35. Qf4 Qd7 36. Bd4 Qd5 37. Rf2 Kh7 38. Rfe2 Bxb4 39. Rxe4 Rxe4 40. Rxe4 Rd1+
41. Kh2 Bd6 42. Be5 Bf8 43. h4 h5 44. Re2 Rd3 45. Qf2 Qc4 46. Bd4 b4 47. Re8
Bd6+ 48. Be5 Bxe5+ 49. Rxe5 bxc3 50. Re7 c2 51. Qa7 Qxh4+ 0-1

[Event "Mondiale Lampo FIDE 2017"]
[Site "Riyadh"]
[Date "30.12.2017"]
[Round "21.53"]
[White "Salgado Lopez, Ivan"]
[Black "Haddouche, Mohamed"]
[Result "1-0"]
[WhiteTitle "GM"]
[BlackTitle "GM"]
[WhiteElo "2644"]
[BlackElo "2505"]
[WhiteFideId "2257327"]
[BlackFideId "7900660"]
[EventDate "2017.12.29"]

1. Nf3 Nf6 2. b3 g6 3. Bb2 Bg7 4. c4 O-O 5. g3 d6 6. Bg2 e5 7. O-O Nc6 8. d3 Bg4
9. h3 Be6 10. Nc3 h6 11. Kh2 Nh5 12. Nd2 f5 13. Nd5 f4 14. Ne4 g5 15. e3 Nf6 16.
Nexf6+ Bxf6 17. gxf4 gxf4 18. Be4 Bg5 19. h4 Bxh4 20. Rg1+ Bg5 21. Qh5 Kh8 22.
Qg6 Qd7 23. Rxg5 hxg5 24. Rh1 Bh3 25. Kg1 g4 26. Nxf4 Qg7 27. Qh5+ Kg8 28. Ne6
Qf7 29. Qg5+ Kh8 30. Qh4+ Kg8 31. Ng5 1-0

[Event "Mondiale Lampo FIDE 2017"]
[Site "Riyadh"]
[Date "30.12.2017"]
[Round "21.54"]
[White "Dzhumagaliev, Yan"]
[Black "Ibrahimov, Rasul"]
[Result "1-0"]
[WhiteTitle "FM"]
[BlackTitle "GM"]
[WhiteElo "2400"]
[BlackElo "2518"]
[WhiteFideId "24100110"]
[BlackFideId "13400495"]
[EventDate "2017.12.29"]

1. d4 Nf6 2. Nf3 e6 3. c4 Bb4+ 4. Bd2 a5 5. g3 O-O 6. Bg2 d5 7. Qc2 c6 8. O-O
Be7 9. Nc3 dxc4 10. a4 Na6 11. e4 Nb4 12. Qb1 b6 13. Rd1 Ba6 14. Bg5 h6 15. Bxf6
Bxf6 16. e5 Be7 17. h4 Rc8 18. Qe4 Nd3 19. Rab1 Qc7 20. Qg4 Kh8 21. Ne1 Rcd8 22.
Nc2 c5 23. d5 Qxe5 24. f4 Qf5 25. Qxf5 exf5 26. Ne3 g6 27. Bf1 Bf6 28. Nxc4 Bxc4
29. Bxd3 Bxd5 30. Nxd5 Rxd5 31. Bc4 Rd4 32. b3 Kg7 33. Rxd4 Bxd4+ 34. Kf1 g5 35.
hxg5 hxg5 36. fxg5 Kg6 37. Kg2 Re8 38. Rf1 Re3 39. Rf3 Re5 40. Rf1 Kxg5 41. Bxf7
Re2+ 42. Kh3 Re3 43. Kg2 Be5 44. Rf3 Re2+ 45. Kh3 Bd4 46. Rf1 Kf6 47. Bc4 Kg5
48. Bxe2 1-0

[Event "Mondiale Lampo FIDE 2017"]
[Site "Riyadh"]
[Date "30.12.2017"]
[Round "21.55"]
[White "Sanal, Vahap"]
[Black "El Adnani, Mokliss"]
[Result "0-1"]
[WhiteTitle "GM"]
[BlackTitle "IM"]
[WhiteElo "2551"]
[BlackElo "2448"]
[WhiteFideId "6300545"]
[BlackFideId "9000410"]
[EventDate "2017.12.29"]

1. e4 c5 2. Nf3 d6 3. Bb5+ Bd7 4. Bxd7+ Qxd7 5. d4 Nf6 6. Nc3 cxd4 7. Nxd4 g6 8.
O-O Bg7 9. Be3 Ng4 10. Bg5 h6 11. Bh4 Nc6 12. Nxc6 bxc6 13. Qe2 g5 14. Bg3 h5
15. h3 h4 16. Bh2 Nxh2 17. Kxh2 Be5+ 18. Kg1 Rb8 19. Rab1 Rg8 20. Qg4 Qxg4 21.
hxg4 Kd7 22. Nd1 Rb4 23. Re1 Rgb8 24. c3 Ra4 25. Ra1 e6 26. Re2 f6 27. b3 Rxb3
28. Rc1 Rba3 29. Rcc2 Rc4 30. Re3 Ra6 31. Kf1 Rca4 32. Ree2 Rb6 33. Red2 Rxe4
34. f3 Ra4 35. Ke2 Ra3 36. Rd3 Rba6 37. Rdd2 Bf4 38. Ne3 Bxe3 39. Kxe3 e5 40.
Kd3 Ke6 41. Rb2 d5 42. Rb8 Rxa2 43. Re8+ Kd7 44. Rf8 Rxd2+ 45. Kxd2 Ra2+ 46. Ke3
Ke7 47. Rc8 Kd7 48. Rf8 Rc2 49. Rxf6 Rxc3+ 50. Kd2 Ra3 51. Rf5 Ke6 52. Rxg5 d4
53. Rh5 c5 54. Rxh4 c4 55. Rh7 Ra2+ 56. Ke1 c3 57. Rc7 Kd6 58. Rc8 Rxg2 59. Rc4
a5 60. Rc8 a4 61. Kd1 a3 0-1

[Event "Mondiale Lampo FIDE 2017"]
[Site "Riyadh"]
[Date "30.12.2017"]
[Round "21.56"]
[White "Abdyjapar, Asyl"]
[Black "Shytaj, Luca"]
[Result "1-0"]
[WhiteTitle "IM"]
[BlackTitle "IM"]
[WhiteElo "2382"]
[BlackElo "2459"]
[WhiteFideId "13800337"]
[BlackFideId "812633"]
[EventDate "2017.12.29"]

1. d4 Nf6 2. c4 e6 3. Nc3 Bb4 4. Qc2 O-O 5. a3 Bxc3+ 6. Qxc3 b6 7. Bg5 h6 8. Bh4
Bb7 9. f3 d5 10. cxd5 exd5 11. e3 Nbd7 12. Bd3 c5 13. Ne2 Rc8 14. Qd2 Re8 15.
Bf2 Nf8 16. O-O Ne6 17. Rad1 Qd7 18. Ng3 g6 19. Kh1 h5 20. Ne2 Kg7 21. Bh4 Bc6
22. f4 Ne4 23. Bxe4 dxe4 24. f5 Nf8 25. d5 Bb5 26. fxg6 fxg6 27. Rf2 Bxe2 28.
Qxe2 Kg8 29. Bf6 Qd6 30. Bc3 Nd7 31. Qc4 Rf8 32. Rxf8+ Rxf8 33. Qxe4 Nf6 34.
Qxg6+ Kh8 35. Rf1 1-0

[Event "Mondiale Lampo FIDE 2017"]
[Site "Riyadh"]
[Date "30.12.2017"]
[Round "21.57"]
[White "Malakhatko, Vadim"]
[Black "Farhan, Marwan Ali"]
[Result "1-0"]
[WhiteTitle "GM"]
[WhiteElo "2542"]
[BlackElo "1975"]
[WhiteFideId "14104202"]
[BlackFideId "9401652"]
[EventDate "2017.12.29"]

1. c4 c5 2. g3 e6 3. Bg2 Nf6 4. Nf3 Be7 5. O-O O-O 6. Nc3 Nc6 7. d4 cxd4 8. Nxd4
a6 9. b3 Qc7 10. Bb2 b6 11. Rc1 Bb7 12. Nd5 Nxd5 13. cxd5 Qd8 14. dxc6 dxc6 15.
Nxc6 Bxc6 16. Rxc6 Rc8 17. Qxd8 Rfxd8 18. Rxc8 Rxc8 19. Rc1 Rd8 20. Be4 f5 21.
Bd3 Kf7 22. Rc7 Kf8 23. Bxg7+ Kxg7 24. Rxe7+ Kf6 25. Rxh7 a5 26. f4 Rc8 27. Rb7
Rc6 28. Bc4 Rd6 29. Kf2 e5 30. Rf7+ Kg6 31. fxe5 Rd4 32. Rf6+ Kg5 33. Rxb6 Re4
34. e6 f4 35. gxf4+ Kxf4 36. a4 Kg4 37. Rb5 Kh3 38. Rh5+ Kg4 39. Rxa5 Rf4+ 40.
Ke1 Re4 41. Rb5 Kf4 42. Kd2 Rd4+ 43. Kc3 Re4 44. a5 Ke3 45. a6 Kf2 46. a7 Re3+
47. Kb4 Rh3 48. a8=Q Rxh2 49. Qf3+ Ke1 50. Qg3+ Rf2 51. Rf5 Kd2 52. Qxf2 Kc2 53.
e4+ 1-0

[Event "Mondiale Lampo FIDE 2017"]
[Site "Riyadh"]
[Date "30.12.2017"]
[Round "21.58"]
[White "Bukannan, Ahmed A"]
[Black "Samhouri, A."]
[Result "1-0"]
[BlackTitle "FM"]
[WhiteElo "1929"]
[BlackElo "2355"]
[WhiteFideId "21504164"]
[BlackFideId "8100640"]
[EventDate "2017.12.29"]

1. Nf3 Nf6 2. d4 c5 3. d5 e6 4. c4 b5 5. cxb5 Nxd5 6. Nc3 Bb7 7. e3 Be7 8. Be2
O-O 9. O-O d6 10. Re1 Nd7 11. Bd2 Bf6 12. Qc2 Rc8 13. Nxd5 Bxd5 14. Bc3 Bb7 15.
Rad1 d5 16. Bxf6 Nxf6 17. Qa4 Qb6 18. Ne5 Rfd8 19. Rc1 Ne4 20. Nd3 c4 21. Nf4
Nc5 22. Qc2 Qxb5 23. Nh5 Qa5 24. Ra1 Ba6 25. Bf3 Nd3 26. Red1 Qb4 27. Rab1 Bb5
28. Be2 Nc5 29. b3 cxb3 30. Qb2 d4 31. Bxb5 Qxb5 32. Rxd4 f6 33. Rg4 Kh8 34.
Rxg7 e5 1-0

[Event "Mondiale Lampo FIDE 2017"]
[Site "Riyadh"]
[Date "30.12.2017"]
[Round "21.59"]
[White "Masrahi, Abdulrahman A"]
[Black "Khader, Sami"]
[Result "1/2-1/2"]
[WhiteTitle "CM"]
[BlackTitle "IM"]
[WhiteElo "1962"]
[BlackElo "2392"]
[WhiteFideId "21501564"]
[BlackFideId "8100500"]
[EventDate "2017.12.29"]

1. d4 Nf6 2. Bf4 c5 3. e3 cxd4 4. exd4 Qb6 5. Nc3 Qxb2 6. Nb5 Na6 7. Rb1 Qxa2 8.
Ra1 Qe6+ 9. Be2 Qf5 10. Rxa6 Qxf4 11. Rxa7 Rxa7 12. Nxa7 Qb8 13. Qa1 e6 14. Nf3
Bb4+ 15. c3 Be7 16. O-O O-O 17. Nxc8 Qxc8 18. c4 Qa8 19. Qb2 Qa7 20. Rb1 h6 21.
h3 Rd8 22. Qxb7 Qxb7 23. Rxb7 Bf8 24. Ne5 d6 25. Nxf7 Rd7 26. Rxd7 Nxd7 27. Nd8
e5 28. Bg4 Nf6 29. Be6+ Kh7 30. dxe5 dxe5 31. Nf7 e4 32. Ne5 Bc5 33. Bf5+ Kg8
34. Nd7 Nxd7 35. Bxd7 Kf7 36. Bc6 e3 37. fxe3 Bxe3+ 38. Kf1 Kf6 39. Ke2 Bc5 40.
Kf3 Ke5 41. Bd5 Be7 42. g4 Bh4 43. Bg8 Be7 44. Bd5 Bc5 45. Bg8 Bd4 46. Bd5 g5
47. Bg8 Bc5 48. Bd5 Bb4 49. Bg8 Bc5 50. Bd5 Bb6 51. Bg8 Bc5 52. Bd5 1/2-1/2

[Event "Mondiale Lampo FIDE 2017"]
[Site "Riyadh"]
[Date "30.12.2017"]
[Round "21.60"]
[White "Al Jabri, Mohammed Ali"]
[Black "Amer, Said Salim Al Maashani"]
[Result "1-0"]
[BlackTitle "FM"]
[WhiteElo "2154"]
[BlackElo "2103"]
[WhiteFideId "7604734"]
[BlackFideId "22000100"]
[EventDate "2017.12.29"]

1. e4 c5 2. d4 cxd4 3. c3 e5 4. Nf3 Nc6 5. Bc4 Be7 6. cxd4 exd4 7. Nxd4 Nf6 8.
Nc3 O-O 9. O-O Bc5 10. Nb3 Bb6 11. Bf4 Bc7 12. Bg5 Be5 13. Qc2 d6 14. h3 h6 15.
Be3 Be6 16. Be2 Nb4 17. Qd2 Rc8 18. Nd4 Bc4 19. Rad1 Bxe2 20. Qxe2 Qa5 21. a3
Nc6 22. Nf5 Bxc3 23. bxc3 Nxe4 24. Qg4 Qe5 25. Bf4 Qf6 26. Bxh6 g6 27. Qxe4 Qxf5
28. Qxf5 gxf5 29. Rxd6 Ne5 30. Rd5 f6 31. Rc1 Rc4 32. Rd4 Rc5 33. c4 b5 34. Rd5
Rxc4 35. Rxc4 bxc4 1-0

[Event "Mondiale Lampo FIDE 2017"]
[Site "Riyadh"]
[Date "30.12.2017"]
[Round "21.61"]
[White "Alanazy, Mohammed"]
[Black "Tissir, Mohamed"]
[Result "0-1"]
[BlackTitle "IM"]
[WhiteElo "1850"]
[BlackElo "2381"]
[WhiteFideId "21508488"]
[BlackFideId "9000240"]
[EventDate "2017.12.29"]

1. e4 c5 2. Nf3 d6 3. d4 cxd4 4. Nxd4 Nf6 5. f3 e6 6. Nc3 a6 7. Bg5 Be7 8. Bd3
O-O 9. Qe2 b5 10. Nb3 Nbd7 11. O-O Bb7 12. Nd2 Rc8 13. Kh1 Re8 14. f4 b4 15. Nd1
a5 16. a3 Nc5 17. axb4 axb4 18. Ne3 Nfxe4 19. Bxe7 Qxe7 20. Nxe4 Nxe4 21. Ra7
Nc5 22. Qh5 Nxd3 23. cxd3 Bxg2+ 24. Kxg2 Qxa7 25. Rf3 f5 26. Rg3 g6 27. h4 Qxe3
28. Qg5 Rc2+ 29. Kh3 Qe2 30. Rg2 Qf1 31. h5 Qh1+ 32. Kg3 Rxg2+ 33. Kf3 Qf1+ 34.
Ke3 Qf2# 0-1

[Event "Mondiale Lampo FIDE 2017"]
[Site "Riyadh"]
[Date "30.12.2017"]
[Round "21.62"]
[White "Minko, Vladimir"]
[Black "Miswadah, Baha"]
[Result "1-0"]
[WhiteTitle "IM"]
[WhiteElo "2381"]
[BlackElo "1877"]
[WhiteFideId "24146706"]
[BlackFideId "11502118"]
[EventDate "2017.12.29"]

1. e4 c5 2. Nf3 g6 3. d4 cxd4 4. Nxd4 Bg7 5. Nc3 Nc6 6. Be3 Nf6 7. Be2 O-O 8.
O-O d5 9. exd5 Nxd5 10. Nxd5 Qxd5 11. Bf3 Qa5 12. Bxc6 bxc6 13. c3 Ba6 14. Re1
Rfd8 15. Nxc6 Rxd1 16. Nxa5 Rxa1 17. Rxa1 Rb8 18. Nb3 Ra8 19. Rd1 Bc4 20. Rd7 a5
21. Nxa5 Bb5 22. Rd1 h5 23. Bb6 Ra6 24. Bd8 e6 25. c4 Be8 26. b4 Bc3 27. a3 Ba4
28. Rd3 Bg7 29. b5 Ra8 30. Bc7 Bf8 31. b6 Bc6 32. Nxc6 Rxa3 1-0

[Event "Mondiale Lampo FIDE 2017"]
[Site "Riyadh"]
[Date "30.12.2017"]
[Round "21.63"]
[White "Al-Saffar, Araz Basim Mohammed S"]
[Black "Al Mahmood, Salman"]
[Result "1-0"]
[WhiteTitle "IM"]
[WhiteElo "2368"]
[BlackElo "1593"]
[WhiteFideId "4801040"]
[BlackFideId "11201517"]
[EventDate "2017.12.29"]

1. d4 Nf6 2. c4 e6 3. Nc3 Bb4 4. e3 O-O 5. Bd3 b6 6. Ne2 Bb7 7. O-O d5 8. a3 Be7
9. cxd5 exd5 10. b4 Nbd7 11. Bb2 Bd6 12. Ng3 Re8 13. Rc1 Rc8 14. Nb5 Bxg3 15.
hxg3 a6 16. Na7 Ra8 17. Nc6 Qc8 18. Qc2 Re6 19. Ne5 Nxe5 20. dxe5 Rc6 21. Qb1
Rxc1 22. Rxc1 Ne4 23. Qc2 c5 24. f3 Nxg3 25. Kf2 Nh5 26. Bxh7+ Kf8 27. Bf5 Qd8
28. Rh1 g6 29. Bxg6 fxg6 30. Qxg6 Ng7 31. Rh8+ Ke7 32. Qxg7+ Ke6 33. Rxd8 Rxd8
34. Qxb7 1-0

[Event "Mondiale Lampo FIDE 2017"]
[Site "Riyadh"]
[Date "30.12.2017"]
[Round "21.64"]
[White "Lodhi, Mahmood"]
[Black "Salama, Taher"]
[Result "1-0"]
[WhiteTitle "IM"]
[WhiteElo "2347"]
[BlackElo "1769"]
[WhiteFideId "7800010"]
[BlackFideId "11502231"]
[EventDate "2017.12.29"]

1. d4 Nf6 2. Nf3 e6 3. g3 d5 4. Bg2 b6 5. O-O Bb7 6. b3 Be7 7. c4 c5 8. cxd5
exd5 9. Bb2 O-O 10. Nbd2 Nbd7 11. dxc5 Nxc5 12. Nd4 Qd7 13. N2f3 Bd6 14. h3 Rac8
15. Rc1 Nfe4 16. Nh2 Rfd8 17. Ng4 a5 18. Ne3 Bb8 19. Nef5 Ne6 20. e3 Nxd4 21.
Nxd4 Be5 22. Qh5 Re8 23. Rfd1 Rxc1 24. Rxc1 g6 25. Qh6 Bg7 26. Qf4 Rc8 27. Rxc8+
Qxc8 28. Kh2 h6 29. h4 Qd7 30. Bh3 Qd6 31. Qxd6 Nxd6 32. Kg1 b5 33. Bd7 b4 34.
f3 Bxd4 35. Bxd4 f5 36. Bb6 d4 37. exd4 Bxf3 38. Bxa5 Ne4 39. Bxb4 Bd1 40. Be1
Kf7 41. Bb5 Ke6 42. Bc4+ Kd6 43. a4 g5 44. a5 gxh4 45. gxh4 Kc6 46. a6 Kb6 47.
d5 Bh5 48. Bf2+ Nxf2 49. Kxf2 Bf7 50. d6 Be8 51. b4 Bd7 52. b5 Ka7 53. Ke3 1-0

[Event "Mondiale Lampo FIDE 2017"]
[Site "Riyadh"]
[Date "30.12.2017"]
[Round "21.65"]
[White "Al Zamel, Khaled"]
[Black "Lam, Daniel King-wai"]
[Result "0-1"]
[BlackTitle "FM"]
[WhiteElo "1942"]
[BlackElo "2222"]
[WhiteFideId "21500967"]
[BlackFideId "6001238"]
[EventDate "2017.12.29"]

1. e4 c5 2. Nc3 Nc6 3. f4 g6 4. Bb5 Nd4 5. Nf3 Nxb5 6. Nxb5 d5 7. e5 Bg7 8. d3
a6 9. Nc3 Bg4 10. O-O e6 11. Qe1 Bxf3 12. Rxf3 Ne7 13. Bd2 Nf5 14. Ne2 h5 15. c3
O-O 16. Ng3 Ne7 17. Kh1 b5 18. Qe3 Rc8 19. Raf1 h4 20. Ne2 Nf5 21. Qg1 Qa5 22.
g4 hxg3 23. hxg3 f6 24. exf6 Bxf6 25. Kg2 Qc7 26. b4 cxb4 27. cxb4 Qd7 28. Qh2
Rf7 29. Rh1 Rh7 30. Qg1 Rxh1 31. Kxh1 Kf7 32. g4 Rh8+ 33. Kg2 Nh4+ 34. Kf2 Nxf3
35. Kxf3 Rh3+ 36. Ng3 d4 37. Qg2 Qd5+ 38. Kf2 Qxg2+ 39. Kxg2 Rh8 40. Ne4 Be7 41.
g5 Rc8 42. Nc5 Bxc5 43. bxc5 Rxc5 44. Kf3 Rc2 45. Bb4 Rxa2 46. Ke4 Ra4 47. Bc5
b4 48. Kxd4 a5 49. Kc4 Ra3 50. Bd4 Ra2 51. Kb3 Rd2 52. Kc4 a4 53. Kxb4 Rxd3 54.
Bb2 Rb3+ 55. Kxa4 Rxb2 56. Ka5 Rf2 0-1

[Event "Mondiale Lampo FIDE 2017"]
[Site "Riyadh"]
[Date "30.12.2017"]
[Round "21.66"]
[White "Al-Hajiri, Bader"]
[Black "Al Habeeb, Emad"]
[Result "1-0"]
[WhiteTitle "FM"]
[WhiteElo "2165"]
[BlackElo "1933"]
[WhiteFideId "10300163"]
[BlackFideId "21500029"]
[EventDate "2017.12.29"]

1. e4 d6 2. d4 c6 3. Nc3 Nf6 4. f4 Qc7 5. Nf3 Bg4 6. h3 Bxf3 7. Qxf3 Nbd7 8. e5
Ng8 9. Bd2 O-O-O 10. O-O-O e6 11. g4 d5 12. f5 Qb6 13. fxe6 fxe6 14. Qf7 Qxd4
15. Bg5 Qb6 16. Bxd8 Qxd8 17. Qxe6 Bb4 18. Ba6 Bxc3 19. Qxc6+ Qc7 20. Bxb7+ Kb8
21. Rxd5 Qxc6 22. Bxc6 Nxe5 23. Rd8+ Kc7 24. Ra8 Bd4 25. Bd5 Ne7 26. Rxh8 Nxd5
27. Rxh7 Nf3 28. c3 Bf6 1-0

[Event "Mondiale Lampo FIDE 2017"]
[Site "Riyadh"]
[Date "30.12.2017"]
[Round "21.67"]
[White "Al Abdali, Zeyad Saleh"]
[Black "Saeed, Ishaq"]
[Result "1/2-1/2"]
[BlackTitle "FM"]
[WhiteElo "1801"]
[BlackElo "2434"]
[WhiteFideId "21501505"]
[BlackFideId "9301453"]
[EventDate "2017.12.29"]

1. d4 Nf6 2. Nf3 e6 3. Bg5 h6 4. Bf4 b6 5. e3 Bb7 6. Bd3 Be7 7. h3 O-O 8. c4 c5
9. Nc3 Nc6 10. d5 exd5 11. cxd5 Nb4 12. d6 Re8 13. dxe7 Qxe7 14. O-O Nh5 15. Bh2
Nxd3 16. Qxd3 Bxf3 17. gxf3 Qh4 18. Qf5 Re6 19. Ne4 d5 20. Ng3 Nf6 21. Kg2 Qb4
22. b3 Rd8 23. Rfd1 a5 24. Qd3 g6 25. a3 Qh4 26. Ne2 Nh5 27. Bg3 Qe7 28. b4 axb4
29. axb4 Ng7 30. bxc5 bxc5 31. Nf4 Red6 32. Rac1 R6d7 33. Qc3 Nf5 34. Qxc5 Qf6
35. Qc3 Qg5 36. Kh2 Kh7 37. Qc6 Rd6 38. Qc5 R6d7 39. Qc3 Rd6 40. Nd3 R6d7 41.
Qb4 Qh5 42. Qg4 Qxg4 43. hxg4 Ne7 44. Ne5 Ra7 45. Nxf7 Rf8 46. Ne5 h5 47. gxh5
gxh5 48. f4 Ra2 49. Kg1 Rg8 50. Kh1 Kh6 51. Rc7 Rg7 52. Rdc1 Nf5 53. R7c6+ Kh7
54. Rg1 d4 55. exd4 Nxd4 56. Rc4 Ne2 57. Rg2 Ra1+ 58. Kh2 Ra3 59. Rc6 Ra2 60. f5
Nd4 61. Rg6 Nxf5 62. Rxg7+ Kxg7 63. Bf4+ Kf6 64. Nf3 Ra4 65. Bg5+ Ke6 66. Kg1
Ra3 67. Nd2 Ra1+ 68. Kh2 Ra2 69. Ne4 Ke5 70. Nc5 Kd5 71. Nd3 Nd4 72. Be3 Nf3+
73. Kg3 Nd2 74. Bxd2 Rxd2 75. Nf4+ Ke4 76. Nxh5 Rd8 77. Kh4 Kd3 78. f4 Ke4 79.
Kg4 Rg8+ 80. Kh3 Rh8 81. Rg5 Kf3 82. Kh4 Rh7 83. Rg3+ Kf2 84. Kg4 Rh8 85. Kh3
Rxh5+ 86. Kg4 Rh8 87. Rh3 Rg8+ 88. Kf5 Kg2 89. Rh6 Rf8+ 90. Rf6 Ra8 91. Kg6 Kg3
92. f5 Kg4 93. Rf7 Rg8+ 94. Kf6 Kf4 95. Rg7 Rf8+ 96. Rf7 Rxf7+ 1/2-1/2